| 000 | 00982nam a2200301Ia 4500 | ||
|---|---|---|---|
| 001 | A8174 | ||
| 003 | IT-RoPAU | ||
| 008 | 130308s9999 xx 000 0 und d | ||
| 040 | _aIT-RoPAU | ||
| 040 | _cIT-RoPAU | ||
| 041 | _aITALIANO | ||
| 100 | _aLopez Gay Jesus | ||
| 100 | _gCodice Aut. SPICS: 36402 | ||
| 245 | _aMissione come aiuto scambievole fra le chiese (La) | ||
| 245 | _bChiesa locale e inculturazione nella Missione | ||
| 250 | _a1a ed. | ||
| 260 | _aBOLOGNA | ||
| 260 | _bEditrice Missionaria Italiana | ||
| 260 | _c1987 [1° Ed.:1987 - Ed.Ling.Originale:1987] | ||
| 300 | _a"24 p. (prefazione: no ; testo: 24 [pagine: 9-32])" | ||
| 500 | _aResponsabilità missionaria della Chiesa Particolare. Mediante la Missioneci Mettiamo al Servizio di una Chiesa Particolare. missione Come Arricchimento delle Chiese. | ||
| 650 | _aPASTORALE E CULTURE | ||
| 650 | _eCodice materia Spics: 9302 | ||
| 942 | _cBK | ||
| 957 | _71 | ||
| 999 |
_c64297 _d64297 |
||
| 999 | _bSI | ||
| 999 | _g1 | ||